000 00207 a2200097 4500
001 1388
100 _aMurphy,G
245 _aAdvanced mechanics of materials
260 _a
_bMcgrawhill
_c
090 _c936
_d936
942 _aNUST-CAE
_cM
_c36222
999 _c236461
_d236461